[Event "CHN-chT"]
[Site "Ningbo"]
[Date "2011.04.12"]
[Round "1"]
[White "Gong, Qianyun"]
[Black "Wang, Xiaohui"]
[Result "1-0"]
[WhiteElo "2232"]
[BlackElo "2218"]
[PlyCount "111"]
[EventDate "2011.04.12"]
[EventType "team-tourn"]
[EventRounds "18"]
[EventCountry "CHN"]
[SourceTitle "CBM 141 Extra"]
[Source "ChessBase"]
[SourceDate "2011.05.03"]
[SourceVersion "1"]
[SourceVersionDate "2011.05.03"]
[SourceQuality "1"]
[WhiteTeam "Qingdao"]
[BlackTeam "Zhejiang"]
[WhiteTeamCountry "CHN"]
[BlackTeamCountry "CHN"]

1. e4 d6 2. d4 Nf6 3. Nc3 e5 4. Nf3 Nbd7 5. g4 Nxg4 6. Rg1 exd4 7. Nxd4 Nde5 8. h3 Nf6 9. f4 Nc6 10. Be3 g6 11. Qf3 Bg7 12. 0-0-0 0-0 13. Bd3 Nxd4 14. Bxd4 Ne8 15. e5 dxe5 16. Bxe5 Qh4 17. Kb1 c6 18. Ne4 Qe7 19. Qg3 Bf5 20. Ng5 Bxd3 21. Rxd3 Bxe5 22. fxe5 Ng7 23. Rf3 Rae8 24. Qh4 h5 25. Qf2 Qxe5 26. Nxf7 Qe7 27. Nh6+ Kh7 28. Nf7 Ne6 29. a3 Kg7 30. Qg3 g5 31. Qe5+ Kh7 32. Rgf1 Nf4 33. Nxg5+ Kg6 34. Qxe7 Rxe7 35. h4 Re2 36. Rxf4 Re1+ 37. Rxe1 Rxf4 38. Rh1 Kf5 39. Kc1 Rf2 40. Rg1 Rh2 41. Nf3 Rh3 42. Nd4+ Ke4 43. Ne2 Rxh4 44. Kd2 Rh2 45. Rg7 h4 46. Rxb7 h3 47. Re7+ Kf3 48. Rf7+ Ke4 49. Rf4+ Ke5 50. Rh4 Kf5 51. Ke3 Kg5 52. Rh8 Kg4 53. Rg8+ Kh4 54. Kf3 Rh1 55. Rg4+ Kh5 56. Ng3+ 1-0

[Event "CHN-chT 6th"]
[Site "China"]
[Date "2010.04.16"]
[Round "1"]
[White "Wang, Xiaohui"]
[Black "Zhai, Mo"]
[Result "1-0"]
[WhiteElo "2238"]
[BlackElo "2110"]
[PlyCount "99"]
[EventDate "2010.04.16"]
[EventType "team-tourn"]
[EventRounds "18"]
[EventCountry "CHN"]
[SourceTitle "CBM 136 Extra"]
[Source "ChessBase"]
[SourceDate "2010.07.02"]
[SourceVersion "2"]
[SourceVersionDate "2010.07.15"]
[SourceQuality "1"]

1. d4 Nf6 2. c4 e6 3. Nf3 Bb4+ 4. Bd2 c5 5. Bxb4 cxb4 6. Nbd2 d6 7. e3 0-0 8. Bd3 Nc6 9. 0-0 e5 10. d5 Ne7 11. Qb3 a5 12. a3 bxa3 13. Qxa3 Bg4 14. b4 b6 15. Ng5 h6 16. Nge4 Nxe4 17. Bxe4 f5 18. Bc2 Qc7 19. h3 Bh5 20. Ba4 f4 21. Bb5 Be2 22. Rfc1 f3 23. g3 Qc8 24. Kh2 Rf5 25. g4 Rg5 26. Rg1 Rg6 27. e4 Qf8 28. Qe3 Qf6 29. Rg3 Qh4 30. Bd7 h5 31. g5 Rf8 32. bxa5 bxa5 33. Rxa5 Kh7 34. Be6 Rb8 35. Bf5 Qf4 36. Qxf4 exf4 37. Rg1 Rb2 38. Ra7 Nxf5 39. exf5 Rxd2 40. fxg6+ Kxg6 41. Rc1 Rd4 42. h4 Kf5 43. Rxg7 Bxc4 44. Rf7+ Kg4 45. Rf6 Kxh4 46. g6 Bxd5 47. Rxd6 Rd2 48. Kg1 Kh3 49. g7 h4 50. g8Q 1-0

[Event "WchT (Women) 2nd"]
[Site "Ningbo"]
[Date "2009.09.11"]
[Round "9"]
[White "Wang, Xiaohui"]
[Black "Gunina, Valentina"]
[Result "0-1"]
[WhiteElo "2223"]
[BlackElo "2437"]
[PlyCount "100"]
[EventDate "2009.09.02"]
[EventType "team-tourn"]
[EventRounds "9"]
[EventCountry "CHN"]
[SourceTitle "CBM 132 Extra"]
[Source "ChessBase"]
[SourceDate "2009.11.03"]
[SourceVersion "1"]
[SourceVersionDate "2009.11.03"]
[SourceQuality "1"]
[WhiteTeam "China (W) II"]
[BlackTeam "Russia (W)"]
[WhiteTeamCountry "CHN"]
[BlackTeamCountry "RUS"]

1. d4 d5 2. c4 c6 3. Nf3 Nf6 4. Nc3 dxc4 5. a4 e6 6. e3 c5 7. Bxc4 Nc6 8. 0-0 Be7 9. Qe2 cxd4 10. exd4 0-0 11. Rd1 Nb4 12. Bg5 h6 13. Bh4 Bd7 14. Ne5 Bc6 15. Nxc6 bxc6 16. Rac1 Nfd5 17. Bxe7 Qxe7 18. Ne4 Rab8 19. g3 Rfd8 20. Nc5 Nb6 21. Bb3 Nd7 22. Rc3 Nxc5 23. dxc5 Rxd1+ 24. Qxd1 Rd8 25. Qe2 a5 26. Bc2 Rd4 27. Qe5 Rd5 28. Qb8+ Qd8 29. Qxd8+ Rxd8 30. Be4 Rd2 31. b3 f5 32. Bf3 Kf7 33. Kf1 e5 34. Be2 Kf6 35. f3 e4 36. fxe4 fxe4 37. h4 Ke5 38. Ke1 Rb2 39. Kf2 Nc2 40. Bd1 Nd4+ 41. Ke1 g6 42. Kf1 Rb1 43. Ke1 Nf3+ 44. Ke2 Rb2+ 45. Ke3 Ne1 46. Be2 Nc2+ 47. Kf2 Nd4 48. Re3 Nxe2 49. Rxe2 Rxe2+ 50. Kxe2 Kd4 0-1

[Event "WchT (Women) 2nd"]
[Site "Ningbo"]
[Date "2009.09.06"]
[Round "5"]
[White "Abrahamyan, Tatev"]
[Black "Wang, Xiaohui"]
[Result "0-1"]
[WhiteElo "2275"]
[BlackElo "2223"]
[PlyCount "110"]
[EventDate "2009.09.02"]
[EventType "team-tourn"]
[EventRounds "9"]
[EventCountry "CHN"]
[SourceTitle "CBM 132 Extra"]
[Source "ChessBase"]
[SourceDate "2009.11.03"]
[SourceVersion "1"]
[SourceVersionDate "2009.11.03"]
[SourceQuality "1"]
[WhiteTeam "United States (W)"]
[BlackTeam "China (W) II"]
[WhiteTeamCountry "USA"]
[BlackTeamCountry "CHN"]

1. e4 c5 2. Nf3 e6 3. d4 cxd4 4. Nxd4 a6 5. Bd3 Nf6 6. 0-0 Qc7 7. Nc3 Bc5 8. Nb3 Be7 9. Be3 b5 10. a3 Bb7 11. f4 d6 12. Qe2 0-0 13. g4 d5 14. e5 Ne4 15. Bd4 Nc5 16. Nxc5 Bxc5 17. Qf2 Nd7 18. Ne2 Bxd4 19. Nxd4 Nc5 20. Rae1 Ne4 21. Bxe4 dxe4 22. c3 Rae8 23. Re3 f6 24. exf6 Rxf6 25. f5 exf5 26. gxf5 Qf7 27. Qg2 Bd5 28. Rf4 Kh8 29. Rg4 Rf8 30. Rh3 e3 31. Rgh4 h6 32. Qg5 Ba8 33. Rxe3 Qb7 34. Qg4 Qh1+ 35. Kf2 Qb1 36. Rh5 Qxb2+ 37. Qe2 Qxa3 38. Qd3 Qd6 39. Ke1 Rd8 40. Qe2 Bd5 41. Rh4 Bc4 42. Qc2 b4 43. cxb4 Qxb4+ 44. Kf2 Bg8 45. Nf3 Qa5 46. Rf4 Bh7 47. Re5 Qb6+ 48. Kg3 Rfd6 49. Rfe4 Qb8 50. Kg2 Rb6 51. Re2 Rb5 52. Qc6 Bxf5 53. Qxa6 Bd3 54. Rd2 Rxe5 55. Nxe5 Qxe5 0-1

[Event "WchT (Women) 2nd"]
[Site "Ningbo"]
[Date "2009.09.02"]
[Round "1"]
[White "Huang, Qian"]
[Black "Wang, Xiaohui"]
[Result "1-0"]
[WhiteElo "2424"]
[BlackElo "2223"]
[PlyCount "93"]
[EventDate "2009.09.02"]
[EventType "team-tourn"]
[EventRounds "9"]
[EventCountry "CHN"]
[SourceTitle "CBM 132 Extra"]
[Source "ChessBase"]
[SourceDate "2009.11.03"]
[SourceVersion "1"]
[SourceVersionDate "2009.11.03"]
[SourceQuality "1"]
[WhiteTeam "China (W)"]
[BlackTeam "China (W) II"]
[WhiteTeamCountry "CHN"]
[BlackTeamCountry "CHN"]

1. d4 Nf6 2. c4 e6 3. Nc3 Bb4 4. Nf3 b6 5. Bg5 Bb7 6. Nd2 h6 7. Bh4 0-0 8. Qc2 d6 9. e4 Nbd7 10. a3 Bxc3 11. bxc3 Re8 12. Be2 c5 13. f3 cxd4 14. cxd4 Qc7 15. 0-0 e5 16. Qb2 Nh5 17. Rfd1 Nf4 18. Bf1 Rac8 19. Bf2 exd4 20. Bxd4 Ne5 21. a4 Ne6 22. Bf2 Ba6 23. a5 Nc5 24. Qc3 Rb8 25. axb6 Rxb6 26. Be2 Nc6 27. Nf1 Bc8 28. Ne3 Be6 29. Nd5 Bxd5 30. cxd5 Ne5 31. Ra5 Ned7 32. Bb5 Rc8 33. Qa3 a6 34. Bxd7 Qxd7 35. Bxc5 dxc5 36. Rxc5 Rxc5 37. Qxc5 Rb5 38. Qd4 a5 39. d6 Rb7 40. e5 a4 41. Qc5 Ra7 42. Rd3 Qb7 43. Kf2 a3 44. d7 Qb2+ 45. Kg3 Rxd7 46. Rxd7 a2 47. Qd5 1-0

[Event "CHN-ch (Women)"]
[Site "Xinghua Jiangsu"]
[Date "2009.06.05"]
[Round "10"]
[White "Wang, Xiaohui"]
[Black "Zhang, Xiaowen"]
[Result "0-1"]
[WhiteElo "2265"]
[BlackElo "2340"]
[PlyCount "138"]
[EventDate "2009.05.26"]
[EventType "tourn"]
[EventRounds "11"]
[EventCountry "CHN"]
[EventCategory "4"]
[SourceTitle "CBM 130 Extra"]
[Source "ChessBase"]
[SourceDate "2009.07.02"]
[SourceVersion "2"]
[SourceVersionDate "2009.07.15"]
[SourceQuality "1"]

1. d4 Nf6 2. c4 g6 3. g3 Bg7 4. Bg2 0-0 5. Nf3 c6 6. 0-0 d6 7. Nc3 Qa5 8. e4 e5 9. h3 Nbd7 10. Re1 exd4 11. Nxd4 Ne5 12. Bf1 Re8 13. Be3 c5 14. Nb3 Qb4 15. Bd2 Qb6 16. f4 Nc6 17. Bg2 a5 18. Nb5 a4 19. Nc1 Nd4 20. Nxd4 cxd4 21. Nd3 Be6 22. Rc1 Rec8 23. b3 axb3 24. axb3 Nd7 25. Kh2 Nc5 26. Nb4 Re8 27. Rb1 Qd8 28. g4 Qh4 29. Qf3 Ra3 30. Rec1 Bd7 31. Re1 h5 32. gxh5 Qxh5 33. Qg3 Bf6 34. Bf3 Qh4 35. Nd5 Bd8 36. e5 Ra2 37. Re2 Qxg3+ 38. Kxg3 dxe5 39. fxe5 Bf5 40. Rbe1 Nxb3 41. Bb4 Rxe2 42. Rxe2 Bd3 43. Re1 Bxc4 44. Nf4 Bc7 45. Bd6 Bxd6 46. exd6 Rd8 47. Bxb7 Rxd6 48. Re8+ Kg7 49. Rc8 Bb5 50. Rc7 Rd7 51. Rxd7 Bxd7 52. Bd5 Nc5 53. h4 Kf6 54. Kf3 Be6 55. Bc6 Bb3 56. Nh3 Ke5 57. Be8 Bd1+ 58. Kf2 Ne4+ 59. Kg2 Bb3 60. Kf3 Bd1+ 61. Kg2 Nd6 62. Bd7 d3 63. Nf2 Be2 64. Ba4 Kd4 65. Nd1 Ne4 66. Nb2 d2 67. Be8 Kc3 68. Nd1+ Bxd1 69. Bxf7 Bh5 0-1

[Event "CHN-ch (Women)"]
[Site "Xinghua Jiangsu"]
[Date "2009.06.04"]
[Round "9"]
[White "Zhao, Xue"]
[Black "Wang, Xiaohui"]
[Result "1-0"]
[WhiteElo "2531"]
[BlackElo "2265"]
[PlyCount "53"]
[EventDate "2009.05.26"]
[EventType "tourn"]
[EventRounds "11"]
[EventCountry "CHN"]
[EventCategory "4"]
[SourceTitle "CBM 130 Extra"]
[Source "ChessBase"]
[SourceDate "2009.07.02"]
[SourceVersion "2"]
[SourceVersionDate "2009.07.15"]
[SourceQuality "1"]

1. c4 Nf6 2. Nc3 c5 3. e4 Nc6 4. f4 d6 5. Nf3 g6 6. Be2 Bg7 7. 0-0 0-0 8. d3 a6 9. Kh1 Rb8 10. Be3 b5 11. Qd2 Bg4 12. f5 gxf5 13. Bh6 e6 14. exf5 Bxh6 15. Qxh6 Bxf5 16. Ng5 Bg6 17. Rf4 Nd4 18. Raf1 Nf5 19. Qh3 Nd5 20. cxd5 Qxg5 21. Ne4 Qe7 22. g4 Nd4 23. Nf6+ Kh8 24. g5 Rg8 25. Nxh7 Nf5 26. Rxf5 Bxf5 27. Rxf5 1-0

[Event "CHN-ch (Women)"]
[Site "Xinghua Jiangsu"]
[Date "2009.05.30"]
[Round "5"]
[White "Wang, Xiaohui"]
[Black "Ding, Yixin"]
[Result "0-1"]
[WhiteElo "2265"]
[BlackElo "2281"]
[PlyCount "94"]
[EventDate "2009.05.26"]
[EventType "tourn"]
[EventRounds "11"]
[EventCountry "CHN"]
[EventCategory "4"]
[SourceTitle "CBM 130 Extra"]
[Source "ChessBase"]
[SourceDate "2009.07.02"]
[SourceVersion "2"]
[SourceVersionDate "2009.07.15"]
[SourceQuality "1"]

1. d4 d5 2. Nf3 Nf6 3. c4 dxc4 4. Qa4+ c6 5. Qxc4 Bf5 6. Nc3 e6 7. g3 Be7 8. Bg2 0-0 9. 0-0 Nbd7 10. Rd1 Rc8 11. Qb3 Qb6 12. Qxb6 axb6 13. Nh4 Bg4 14. h3 Bh5 15. g4 Bg6 16. Nxg6 hxg6 17. e4 Rfd8 18. Be3 b5 19. d5 b4 20. dxe6 fxe6 21. Ne2 Nc5 22. f3 Nd3 23. b3 Nb2 24. Rdb1 Nd3 25. Bf1 e5 26. Ng3 b5 27. Rd1 Bc5 28. Rxd3 Rxd3 29. Bxc5 Rxf3 30. Kg2 Rxg3+ 31. Kxg3 Nxe4+ 32. Kf3 Nxc5 33. Ke3 Rd8 34. Rc1 Rd5 35. Bg2 Rd3+ 36. Ke2 Rc3 37. Rxc3 bxc3 38. Bxc6 c2 39. Kd2 Nd3 40. Bd5+ Kf8 41. Kxc2 Nb4+ 42. Kd2 Nxd5 43. a4 bxa4 44. bxa4 Nb6 45. Kd3 Nxa4 46. Ke4 Nc5+ 47. Kxe5 Nd3+ 0-1

[Event "CHN-ch (Women)"]
[Site "Xinghua Jiangsu"]
[Date "2009.05.26"]
[Round "1"]
[White "Wang, Xiaohui"]
[Black "Zhang, Jilin"]
[Result "1/2-1/2"]
[WhiteElo "2265"]
[BlackElo "2335"]
[PlyCount "154"]
[EventDate "2009.05.26"]
[EventType "tourn"]
[EventRounds "11"]
[EventCountry "CHN"]
[EventCategory "4"]
[SourceTitle "CBM 130 Extra"]
[Source "ChessBase"]
[SourceDate "2009.07.02"]
[SourceVersion "2"]
[SourceVersionDate "2009.07.15"]
[SourceQuality "1"]

1. d4 Nf6 2. c4 g6 3. g3 Bg7 4. Bg2 d5 5. cxd5 Nxd5 6. Nf3 0-0 7. 0-0 Nc6 8. Nc3 Nb6 9. d5 Na5 10. Bg5 c6 11. e4 cxd5 12. Nxd5 Nxd5 13. exd5 h6 14. Bf4 Nc4 15. Rc1 Nd6 16. Re1 Bg4 17. Qb3 Bxf3 18. Bxf3 Qd7 19. Rc2 Rfe8 20. Rce2 Rad8 21. Be5 Rc8 22. Bg4 Qxg4 23. Bxd6 Rc1 24. Kg2 Rxe1 25. Rxe1 Qd7 26. Bb4 Bf6 27. Bc3 Bxc3 28. bxc3 b5 29. c4 bxc4 30. Qxc4 Rd8 31. Re5 Qd6 32. Qe4 Rd7 33. h4 h5 34. g4 hxg4 35. Rg5 Qf6 36. Rxg4 Kf8 37. Rg5 Rd6 38. Qe3 Ra6 39. a3 Ra4 40. Kg3 Qd6+ 41. Kg2 Rxa3 42. Qc1 Ra4 43. h5 Qd7 44. Qb2 f6 45. Qb8+ Qe8 46. Qxe8+ Kxe8 47. Rxg6 Kf7 48. Rg3 Rd4 49. h6 Rxd5 50. h7 Rh5 51. Ra3 Rxh7 52. Rxa7 Rh5 53. Kf3 Rd5 54. Ke3 Rb5 55. Kf4 Rd5 56. Kf3 Rd4 57. Ke3 Rb4 58. Kf3 f5 59. Ra5 Kf6 60. Ra6+ e6 61. Ra5 Rb3+ 62. Kg2 e5 63. Rc5 e4 64. Rc8 Kg5 65. Kf1 Rb2 66. Rc4 Rd2 67. Ra4 Kf4 68. Kg2 Re2 69. Rb4 Kg4 70. Kf1 Kf3 71. Rb3+ e3 72. fxe3 Rxe3 73. Rb2 Ra3 74. Rf2+ Ke4 75. Re2+ Re3 76. Ra2 Rb3 77. Kf2 f4 1/2-1/2

[Event "Asian Continental op (Women) 08th"]
[Site "Subic Bay"]
[Date "2009.05.16"]
[Round "4"]
[White "Mohota, Nisha"]
[Black "Wang, Xiaohui"]
[Result "1-0"]
[WhiteElo "2304"]
[BlackElo "2265"]
[PlyCount "71"]
[EventDate "2009.05.13"]
[EventType "swiss"]
[EventRounds "11"]
[EventCountry "PHI"]
[SourceTitle "CBM 130 Extra"]
[Source "ChessBase"]
[SourceDate "2009.07.02"]
[SourceVersion "2"]
[SourceVersionDate "2009.07.15"]
[SourceQuality "1"]

1. d4 Nf6 2. c4 e6 3. Nf3 b6 4. g3 Ba6 5. Qc2 Bb4+ 6. Bd2 Be7 7. e4 d5 8. cxd5 Bxf1 9. Kxf1 exd5 10. e5 Ne4 11. Nc3 Nxc3 12. bxc3 Nc6 13. h4 Qd7 14. Ng5 Bxg5 15. hxg5 0-0-0 16. Kg2 g6 17. Rh6 Rdg8 18. Rah1 Rg7 19. Bf4 Qe6 20. Qd3 Kb7 21. Qf3 Ne7 22. Bc1 Qf5 23. Ba3 Qxf3+ 24. Kxf3 Nc6 25. Ke2 Kc8 26. f4 Kd7 27. g4 Nd8 28. Bc1 c5 29. f5 cxd4 30. cxd4 Nc6 31. Be3 Nb4 32. e6+ fxe6 33. fxg6 Nc6 34. Rxh7 Rhg8 35. Rxg7+ Rxg7 36. Rh7 1-0

[Event "Beijing zt 3.5 (Women)"]
[Site "Beijing"]
[Date "2009.04.21"]
[Round "5"]
[White "Wang, Xiaohui"]
[Black "Wang, Yu A"]
[Result "1/2-1/2"]
[WhiteElo "2265"]
[BlackElo "2364"]
[PlyCount "167"]
[EventDate "2009.04.17"]
[EventType "tourn"]
[EventRounds "11"]
[EventCountry "CHN"]
[EventCategory "4"]
[SourceTitle "CBM 130 Extra"]
[Source "ChessBase"]
[SourceDate "2009.07.02"]
[SourceVersion "2"]
[SourceVersionDate "2009.07.15"]
[SourceQuality "1"]

1. d4 d5 2. c4 c6 3. Nf3 Nf6 4. Nc3 dxc4 5. a4 Bf5 6. Ne5 e6 7. e3 Nbd7 8. Nxc4 Bb4 9. Be2 0-0 10. 0-0 Qc7 11. Na2 Be7 12. b4 e5 13. Bb2 exd4 14. Bxd4 c5 15. bxc5 Nxc5 16. Be5 Qd8 17. Nd6 Be6 18. Nc3 Ne8 19. Ncb5 Nxd6 20. Nxd6 Bf6 21. Bxf6 Qxf6 22. Qd4 Qxd4 23. exd4 Nb3 24. Rad1 Rad8 25. Nxb7 Rxd4 26. Rxd4 Nxd4 27. Ba6 g6 28. Rd1 Nc6 29. Nc5 Rd8 30. Rc1 Bd5 31. f3 Kg7 32. Bb5 Nd4 33. Rd1 Nxb5 34. axb5 Kf6 35. Kf2 Ke5 36. Ke3 g5 37. g3 Re8 38. Ra1 Bc4 39. Rxa7 Kd5+ 40. Ne4 f5 41. Rd7+ Ke6 42. Nc5+ Kf6+ 43. Kd4 Bxb5 44. Rd6+ Kf7 45. Rb6 Be2 46. Rb7+ Kg6 47. f4 gxf4 48. gxf4 Bf3 49. Rb6+ Kh5 50. Ne6 Kg4 51. Ke5 Be2 52. Rc6 Bb5 53. Rc7 Ba4 54. Kf6 Bb3 55. Rg7+ Kh3 56. Rxh7+ Kg4 57. Rg7+ Kh5 58. Rg5+ Kh6 59. Nd4 Rf8+ 60. Ke5 Re8+ 61. Kxf5 Bf7 62. Kg4 Bg6 63. h4 Re1 64. Nf3 Rf1 65. f5 Be8 66. Nd4 Rg1+ 67. Kf4 Rh1 68. Rg8 Rxh4+ 69. Ke5 Bh5 70. Ne6 Kh7 71. Rg7+ Kh6 72. f6 Ra4 73. Nd4 Ra5+ 74. Kf4 Ra4 75. Ke5 Ra5+ 76. Ke4 Bg6+ 77. Kf4 Ra6 78. Ke5 Ra5+ 79. Ke6 Ra6+ 80. Ke5 Ra5+ 81. Kf4 Ra6 82. Nf5+ Bxf5 83. Kxf5 Ra5+ 84. Kf4 1/2-1/2

[Event "Beijing zt 3.5 (Women)"]
[Site "Beijing"]
[Date "2009.04.18"]
[Round "2"]
[White "Wang, Xiaohui"]
[Black "Zhang, Xiaowen"]
[Result "1-0"]
[WhiteElo "2265"]
[BlackElo "2340"]
[PlyCount "117"]
[EventDate "2009.04.17"]
[EventType "tourn"]
[EventRounds "11"]
[EventCountry "CHN"]
[EventCategory "4"]
[SourceTitle "CBM 130 Extra"]
[Source "ChessBase"]
[SourceDate "2009.07.02"]
[SourceVersion "2"]
[SourceVersionDate "2009.07.15"]
[SourceQuality "1"]

1. d4 Nf6 2. c4 g6 3. Nc3 Bg7 4. g3 0-0 5. Bg2 d6 6. Nf3 c5 7. 0-0 Nc6 8. dxc5 dxc5 9. Bf4 Bd7 10. Ne5 Nxe5 11. Bxe5 Qc8 12. Qb3 Bc6 13. Nd5 Nxd5 14. Bxg7 Nf4 15. Bxf8 Nxe2+ 16. Kh1 Nd4 17. Qd3 Bxg2+ 18. Kxg2 Qc6+ 19. f3 Rxf8 20. Rae1 Re8 21. Rf2 e5 22. Qe4 f5 23. Qxc6 bxc6 24. Re3 Re7 25. Ra3 Kg7 26. Kf1 h5 27. Ke1 g5 28. Ra5 g4 29. fxg4 hxg4 30. Rxc5 e4 31. Rcxf5 e3 32. R2f4 Nc2+ 33. Ke2 Rd7 34. Rxg4+ Kh6 35. Rh4+ Kg6 36. Re5 Rd2+ 37. Kf1 Rd1+ 38. Kg2 Rd2+ 39. Kh3 e2 40. Rhe4 e1Q 41. Rxe1 Nxe1 42. Rxe1 Rxb2 43. Re6+ Kg5 44. Rxc6 Rxa2 45. Rc8 a5 46. c5 Rc2 47. c6 Kg6 48. Ra8 Rxc6 49. Rxa5 Rc2 50. Ra3 Kg5 51. g4 Kf4 52. Ra4+ Kf3 53. Ra5 Kf2 54. Kh4 Kg2 55. g5 Rc4+ 56. Kh5 Kh3 57. g6 Rh4+ 58. Kg5 Rg4+ 59. Kh6 1-0